LEADER 01985nam 22005053 450 001 9911022460103321 005 20250904081900.0 010 $a981-9642-22-1 035 $a(MiAaPQ)EBC32276238 035 $a(Au-PeEL)EBL32276238 035 $a(CKB)40861263900041 035 $a(OCoLC)1535404587 035 $a(EXLCZ)9940861263900041 100 $a20250904d2025 uy 0 101 0 $aeng 135 $aurcnu|||||||| 181 $ctxt$2rdacontent 182 $cc$2rdamedia 183 $acr$2rdacarrier 200 14$aThe Impact of the Pandemic on Indigenous People in Indonesia $eSocio-Demographic Perspectives after COVID-19 205 $a1st ed. 210 1$aSingapore :$cSpringer,$d2025. 210 4$dİ2025. 215 $a1 online resource (176 pages) 225 1 $aQuality of Life in Asia Series ;$vv.20 311 08$a981-9642-21-3 330 $aThis book explores the complex aftermath and socio-demographic effects of COVID-19 on indigenous people in Indonesia.As a vulnerable group facing multiple problems relating to marginalization, poverty, and lack of access to public facilities, Indigenous communities have been shown to fare worse off than other groups during the pandemic. 410 0$aQuality of Life in Asia Series 606 $aMEDICAL / Public Health$2bisacsh 606 $aSOCIAL SCIENCE / Cultural & Ethnic Studies / Asian Studies$2bisacsh 606 $aSOCIAL SCIENCE / Demography$2bisacsh 615 7$aMEDICAL / Public Health 615 7$aSOCIAL SCIENCE / Cultural & Ethnic Studies / Asian Studies 615 7$aSOCIAL SCIENCE / Demography 676 $a362.1962414009598 700 $aPamungkas$b Cahyo$01640110 701 $aSurtiari$b Gusti Ayu Ketut$01846750 701 $aSeftiani$b Sari$01846751 801 0$bMiAaPQ 801 1$bMiAaPQ 801 2$bMiAaPQ 906 $aBOOK 912 $a9911022460103321 996 $aThe Impact of the Pandemic on Indigenous People in Indonesia$94431523 997 $aUNINA